| 000 | 00524nam a22001577a 4500 | ||
|---|---|---|---|
| 020 | _qHard Cover. | ||
| 082 | _a621.3 | ||
| 100 | _aNida Ishtiaq | ||
| 245 |
_aMaximum Likelihood Estimation of SNR for QAM Signals Over Various Channels / _cNida Ishtiaq. |
||
| 260 |
_aIslamabad : _bCEME - NUST, _c2016. |
||
| 300 |
_axi, 65 p. : ill. ; _c30cm. |
||
| 650 |
_aElectrical Engineering-MS-Thesis _916073 |
||
| 700 |
_aDr. Shahzad Amin Sheikh. _918620 |
||
| 942 |
_2ddc _cTHE |
||
| 999 |
_c536358 _d536358 |
||